Psychospoleczne aspekty zwiekszania efektywnosci organizacji

Gespeichert in:
Bibliographische Detailangaben
Weitere Verfasser: Bartkowiak, Grazyna
Format: Buch
Sprache:Polnisch
Englisch
Veröffentlicht: Poznan Wydawnictwo Akademii Ekonomicznej w Poznaniu 1999
Schriftenreihe:Zeszyty naukowe: Seria 1 Zeszyt 271
Schlagworte:
Tags: Tag hinzufügen
Keine Tags, Fügen Sie das erste Tag hinzu!

MARC

LEADER 00000nam a2200000 4500
001 c122808
005 20221221084654.5
022 |a 0208-4902 
041 0 |a pol 
041 0 |a eng 
044 |a PL 
245 1 0 |a Psychospoleczne aspekty zwiekszania efektywnosci organizacji  |c Redaktor naukowy: Grazyna Bartkowiak 
264 1 |a Poznan  |b Wydawnictwo Akademii Ekonomicznej w Poznaniu  |c 1999 
300 |a 104 s. 
490 1 |a Zeszyty naukowe: Seria 1  |v Zeszyt 271 
830 0 |a Zeszyty naukowe: Seria 1  |v Zeszyt 271 
610 2 0 |a efektívnosť 
610 2 0 |a organizácie 
610 2 0 |a podmienky pracovné 
610 2 0 |a komunikácia marketingová 
610 2 0 |a tovar priemyselný 
610 2 0 |a trh 
610 2 0 |a marketing 
610 2 0 |a banky 
610 2 0 |a motivácia pracovná 
610 2 0 |a kvalita 
610 2 0 |a podnik 
610 2 0 |a psychológia 
610 2 0 |a Poľsko 
700 1 |a Bartkowiak, Grazyna